000 00665nam a2200217Ia 4500
001 4204
003 GE_BSU
008 181216s||||||||xx |||||||||||||| ||und||
040 _cGE_BSU
080 _a662.76(075.8)
100 _aЩукин А.А.
245 _aПромышленные печи и газовое хозяйство заводов.
245 _bИзд. 2-е перераб.
245 _cред. В. В. Мурзаков.
260 _aМосква
260 _bЭнергия
260 _c1973
300 _a224 с. 29 см.
653 _aПромышленные печи и газовое хозяйство заводов.
942 _cBK
999 _c38214
_d38214